Central Library OPAC University of Rajshahi

Fine surface finish for designers, draughtsmen, engineers, inspectors, mechanics and engineering students. (Record no. 76471)

MARC details
000 -LEADER
fixed length control field 00893cam a22002891 4500
001 - CONTROL NUMBER
control field 76471
003 - CONTROL NUMBER IDENTIFIER
rucl marc code BD-RjUL
005 - DATE AND TIME OF LATEST TRANSACTION
control field 20211209082840.0
008 - FIXED-LENGTH DATA ELEMENTS--GENERAL INFORMATION
fixed length control field 191210s1948 enka b 001 0 eng
035 ## - SYSTEM CONTROL NUMBER
System control number (BD-RjUL)76693
040 ## - CATALOGING SOURCE
Original cataloging agency DLC
Transcribing agency GAT
Modifying agency DLC
Language of cataloging eng
041 ## - LANGUAGE CODE
Language code of text/sound track or separate title eng
042 ## - AUTHENTICATION CODE
Authentication code premarc
082 ## - DEWEY DECIMAL CLASSIFICATION NUMBER
Edition number 23
Classification number 671.7
Author mark and year PAF 1948
100 1# - MAIN ENTRY--PERSONAL NAME
Personal name Page, Sydney F.
9 (RLIN) 236226
245 10 - TITLE STATEMENT
Title Fine surface finish for designers, draughtsmen, engineers, inspectors, mechanics and engineering students.
260 ## - PUBLICATION, DISTRIBUTION, ETC. (IMPRINT)
Place of publication, distribution, etc. London,
Name of publisher, distributor, etc. Chapman & Hall,
Date of publication, distribution, etc. 1948.
300 ## - PHYSICAL DESCRIPTION
Pagination xi, 185 p. :
Illustrations illus.;
Size 23 cm.
504 ## - BIBLIOGRAPHY, ETC. NOTE
Bibliography, etc Bibliography: p. 181.
650 #0 - SUBJECT ADDED ENTRY--TOPICAL TERM
Topical term or geographic name as entry element Metals
General subdivision Finishing.
9 (RLIN) 236227
Topical term or geographic name as entry element Surfaces (Technology)
9 (RLIN) 236228
Topical term or geographic name as entry element Lubrication and lubricants.
9 (RLIN) 53579
906 ## - LOCAL DATA ELEMENT F, LDF (RLIN)
a 7
b cbc
c oclcrpl
d u
e ncip
f 19
g y-gencatlg
942 ## - ADDED ENTRY ELEMENTS (KOHA)
Source of classification or shelving scheme Dewey Decimal Classification
Koha item type Books
Holdings
Lost status Source of classification or shelving scheme Damaged status Not for loan Collection code Permanent Location Current Location Shelving location Date acquired Source of acquisition Cost, normal purchase price Total Checkouts Full call number Date last seen Copy number Koha item type
  Dewey Decimal Classification   Not For Loan Non-fiction Central Library, University of Rajshahi Central Library, University of Rajshahi Reading Room 16/01/1969 Zeitlinger 14.40   671.7 PAF 1948 10/12/2019 C-1 Books